[Event "C.to Provinciale CO"]
[Site "Como ITA"]
[Date "1999.02.05"]
[Round "4"]
[White "Bellotto, Stefano"]
[Black "Boffi, Luigi"]
[Result "1-0"]
[WhiteElo "1716"]
[BlackElo "1473"]
[PlyCount "103"]
[EventDate "1999.01.15"]

1. d4 d5 2. c4 Nf6 3. Nc3 e6 4. cxd5 exd5 5. Bg5 Be7 6. e3 c6 7. Bd3 O-O 8. Qc2
Nbd7 9. Nge2 Re8 10. O-O-O Nf8 11. f3 Nh5 12. h4 Bxg5 13. hxg5 g6 14. g4 Ng7
15. e4 Qxg5+ 16. Kb1 Be6 17. Rdg1 Rac8 18. f4 Qd8 19. f5 dxe4 20. Nxe4 Bd5 21.
f6 Nge6 22. g5 Nxd4 23. Nxd4 Bxe4 24. Bxe4 Qxd4 25. Rg4 Qe3 26. Qh2 Rxe4 27.
Qh6 Qd3+ 28. Ka1 Re1+ 29. Rxe1 Ne6 30. Qxh7+ Kxh7 31. Rh4+ Kg8 32. Reh1 Qd1+
33. Rxd1 Ng7 34. Rhd4 Ne6 35. Rh4 Ng7 36. Rdh1 Nh5 37. Rd4 Re8 38. Rhd1 Kf8 39.
Rd7 Ng3 40. Rxb7 Ne4 41. Rdd7 Nxg5 42. a3 a5 43. Ra7 Ne4 44. Rxa5 Rc8 45. Raa7
Ng5 46. Re7 c5 47. Ra5 c4 48. Rxg5 c3 49. bxc3 Rb8 50. Rg1 Re8 51. Rge1 g5 52.
Rxe8# 1-0

[Event "C.to Provinciale CO"]
[Site "Como ITA"]
[Date "1999.02.05"]
[Round "4"]
[White "Boncinelli, Lodovico"]
[Black "Cairoli, Camillo"]
[Result "0-1"]
[WhiteElo "1522"]
[BlackElo "1900"]
[PlyCount "124"]
[EventDate "1999.01.15"]

1. d4 f5 2. Nf3 Nf6 3. Bf4 g6 4. Nbd2 Bg7 5. e3 d6 6. Bc4 e6 7. Bg5 c6 8. e4
fxe4 9. Nxe4 O-O 10. Bd3 Qa5+ 11. Bd2 Qc7 12. a3 Nbd7 13. Neg5 Re8 14. O-O Nf8
15. Re1 Ng4 16. c3 Nh6 17. Qb3 Nf7 18. Bf4 h6 19. Nxf7 Kxf7 20. Re2 a5 21. Rae1
a4 22. Qc2 b6 23. Nh4 Ba6 24. Bxg6+ Kg8 25. Re3 Red8 26. Bh5 Bc4 27. Rg3 Ra5
28. Bf3 h5 29. Bh6 Rd7 30. Ng6 Bxh6 31. Ne5+ Kh8 32. Nxc4 Rf5 33. Qe2 h4 34.
Rh3 Qd8 35. Bg4 Rg5 36. Rxh4 Rh7 37. h3 b5 38. Nd2 Ng6 39. Rxh6 Rxh6 40. Qxe6
Kg7 41. Nf3 Nf4 42. Qe7+ Qxe7 43. Rxe7+ Kf6 44. Rd7 Rxg4 45. Rxd6+ Kg7 46. hxg4
Rxd6 47. Ne5 Ng6 48. f4 Nxf4 49. Kf2 Ng6 50. Nxg6 Kxg6 51. Ke3 Kg5 52. Ke4 Re6+
53. Kf3 Re1 54. g3 Rb1 55. Ke4 Rxb2 56. Ke5 Rb3 57. Kd6 Rxc3 58. d5 cxd5 59.
Kxd5 Kxg4 60. Kd4 Rc1 61. Kd3 Kxg3 62. Kd2 Rc5 0-1

[Event "C.to Provinciale CO"]
[Site "Como ITA"]
[Date "1999.02.05"]
[Round "4"]
[White "Bonetti, Marco"]
[Black "Coppola, Guido"]
[Result "1-0"]
[WhiteElo "1902"]
[BlackElo "1779"]
[PlyCount "49"]
[EventDate "1999.01.15"]

1. e4 c5 2. Nf3 Nf6 3. Nc3 d6 4. d4 cxd4 5. Nxd4 Nbd7 6. Bg5 g6 7. f3 Bg7 8.
Qd2 a6 9. h4 Nh5 10. Nd5 Ndf6 11. Bc4 Nxd5 12. Bxd5 h6 13. Be3 Ng3 14. Rg1 e6
15. Bb3 Be5 16. Ba4+ b5 17. Nc6 Qxh4 18. Nxe5 dxe5 19. O-O-O bxa4 20. Qd6 Bb7
21. Qd7+ Kf8 22. Qxb7 Ne2+ 23. Kb1 Nxg1 24. Qxa8+ Kg7 25. Qxa6 1-0

[Event "C.to Provinciale CO"]
[Site "Como ITA"]
[Date "1999.02.05"]
[Round "4"]
[White "Buonocore, Elio"]
[Black "Corti, Corrado"]
[Result "1/2-1/2"]
[WhiteElo "2109"]
[BlackElo "1687"]
[PlyCount "104"]
[EventDate "1999.01.15"]

1. e4 c6 2. d4 d5 3. e5 Bf5 4. Nf3 e6 5. Be2 Nd7 6. O-O Ne7 7. Nh4 Bg6 8. Nd2
Nf5 9. Nxg6 hxg6 10. Nf3 Be7 11. b3 Nh4 12. Nxh4 Bxh4 13. c4 Nb6 14. c5 Nc8 15.
b4 a6 16. Rb1 Na7 17. a4 Qc7 18. f4 Bd8 19. Rf3 Nc8 20. Rfb3 b5 21. cxb6 Nxb6
22. b5 axb5 23. axb5 Nc4 24. bxc6 Qxc6 25. Qc2 O-O 26. Ba3 Re8 27. Bc5 Be7 28.
Bxe7 Rxe7 29. Rb6 Qc8 30. Bxc4 dxc4 31. Rc1 Rd7 32. Qxc4 Qxc4 33. Rxc4 Kf8 34.
Kf2 Ke7 35. h3 Ra2+ 36. Kf3 Rd2 37. Rbb4 Ra7 38. Rb3 Rd7 39. g3 R2xd4 40. Rxd4
Rxd4 41. Rb7+ Kf8 42. Rb8+ Ke7 43. Rg8 Rd3+ 44. Kg4 Ra3 45. h4 Rd3 46. Kh3 Ra3
47. Rh8 Rd3 48. Kg2 Rd2+ 49. Kf3 Rd3+ 50. Kf2 Ra3 51. g4 Ra2+ 52. Kf3 Ra3+
1/2-1/2

[Event "C.to Provinciale CO"]
[Site "Como ITA"]
[Date "1999.02.05"]
[Round "4"]
[White "Giaracuni, Claudio"]
[Black "Fusi, Claudio"]
[Result "0-1"]
[WhiteElo "1528"]
[BlackElo "1458"]
[PlyCount "114"]
[EventDate "1999.01.15"]

1. d4 Nf6 2. c4 c5 3. d5 b5 4. cxb5 a6 5. e3 axb5 6. Bxb5 Qa5+ 7. Nc3 Ba6 8.
Qb3 Bxb5 9. Qxb5 Qxb5 10. Nxb5 Na6 11. Nc3 g6 12. Nf3 Bg7 13. O-O O-O 14. e4 d6
15. Bg5 e6 16. dxe6 fxe6 17. Rad1 Ne8 18. Be7 Rf4 19. Bxd6 Nxd6 20. Rxd6 Bxc3
21. bxc3 Rxe4 22. Ng5 Re2 23. Nxe6 Rxa2 24. Rc6 Rc2 25. Nxc5 Nxc5 26. Rxc5 Ra3
27. Rc8+ Kg7 28. c4 Rac3 29. Rd1 Rc1 30. Rf1 R1c2 31. Rc7+ Kh6 32. g4 Rxc4 33.
g5+ Kxg5 34. Rxh7 Rg4+ 35. Kh1 Kf6 36. Rg1 Rf4 37. Rh6 Rfxf2 38. Rhxg6+ Kf5 39.
R1g5+ Kf4 40. Rg4+ Kf3 41. h4 Rh2+ 42. Kg1 Rh3 43. Rf4+ Kxf4 44. Ra6 Rc1+ 45.
Kg2 Rg3+ 46. Kh2 Rc2+ 47. Kh1 Kg4 48. h5 Kxh5 49. Rh6+ Kg4 50. Rh4+ Kf3 51.
Rf4+ Ke2 52. Re4+ Kf2 53. Rf4+ Rf3 54. Rh4 Kg3 55. Rg4+ Kxg4 56. Kg1 Ra3 57.
Kh1 Ra1# 0-1

[Event "C.to Provinciale CO"]
[Site "Como ITA"]
[Date "1999.02.05"]
[Round "4"]
[White "Liscio, Giovanni"]
[Black "De Castro, Giovanni"]
[Result "1/2-1/2"]
[WhiteElo "1804"]
[BlackElo "1713"]
[PlyCount "51"]
[EventDate "1999.01.15"]

1. d4 Nf6 2. c4 c5 3. d5 b5 4. cxb5 a6 5. bxa6 g6 6. Nc3 Bxa6 7. e4 Bxf1 8.
Kxf1 d6 9. g3 Bg7 10. Kg2 O-O 11. Nf3 Nbd7 12. Re1 Ng4 13. h3 Nge5 14. Nxe5
Nxe5 15. f4 Nd7 16. Qd3 Qb6 17. Rb1 Rfb8 18. Re2 Qa6 19. Qxa6 Rxa6 20. Bd2 c4
21. b3 cxb3 22. Rxb3 Rxb3 23. axb3 Ra3 24. Nb5 Rxb3 25. Na7 Rb2 26. Kf3 1/2-1/2

[Event "C.to Provinciale CO"]
[Site "Como ITA"]
[Date "1999.02.05"]
[Round "4"]
[White "Morlotti, Massimiliano"]
[Black "Petetta, Roberto"]
[Result "1-0"]
[WhiteElo "1711"]
[BlackElo "1494"]
[PlyCount "73"]
[EventDate "1999.01.15"]

1. c4 e6 2. Nc3 Nf6 3. e4 Nc6 4. f4 d6 5. d4 g6 6. Nf3 Bg7 7. h3 O-O 8. Be3 b6
9. Qd2 Re8 10. O-O-O Ne7 11. e5 Nd7 12. Nb5 d5 13. Bd3 a6 14. Nc3 c5 15. dxc5
bxc5 16. cxd5 exd5 17. Bf2 Bb7 18. Ng5 h6 19. e6 hxg5 20. exd7 Qxd7 21. Bxc5
Bxc3 22. bxc3 gxf4 23. Qxf4 Rac8 24. Bd4 Nc6 25. Bf6 Re6 26. Rhe1 Qd6 27. Qxd6
Rxd6 28. Bg5 d4 29. Be4 Nb4 30. Bxb7 Rxc3+ 31. Kb1 Nd3 32. Re8+ Kh7 33. Bd8 Nc5
34. Bf3 d3 35. Bc7 Rd7 36. Be5 Rc2 37. Rh8# 1-0

[Event "C.to Provinciale CO"]
[Site "Como ITA"]
[Date "1999.02.05"]
[Round "4"]
[White "Napoli, Ferdinando"]
[Black "Bevilacqua, Roberto"]
[Result "0-1"]
[WhiteElo "1570"]
[BlackElo "2051"]
[PlyCount "56"]
[EventDate "1999.01.15"]

1. e4 e5 2. Nf3 Nc6 3. Bc4 Nf6 4. d3 d6 5. O-O Na5 6. Bb3 Nxb3 7. axb3 h6 8. h3
Be7 9. Be3 a6 10. Nc3 O-O 11. Qe2 Be6 12. Rfd1 c5 13. Qd2 Kh7 14. b4 b6 15.
bxc5 bxc5 16. b3 Qd7 17. Na4 Qc6 18. Nb2 Nh5 19. Qe2 Nf6 20. Nc4 Nd7 21. Bd2 f5
22. Na5 Qc7 23. Ra2 Rae8 24. Rda1 Nb8 25. Bc3 Rf7 26. Kf1 Ref8 27. Ke1 fxe4 28.
Qxe4+ Bf5 0-1

[Event "C.to Provinciale CO"]
[Site "Como ITA"]
[Date "1999.02.05"]
[Round "4"]
[White "Orsenigo, Davide"]
[Black "Laricini, Alberto"]
[Result "1-0"]
[WhiteElo "1500"]
[BlackElo "1612"]
[PlyCount "59"]
[EventDate "1999.01.15"]

1. Nf3 Nf6 2. g3 c6 3. c4 e6 4. Bg2 d5 5. Qc2 Be7 6. O-O O-O 7. d4 h6 8. Re1
Re8 9. Nbd2 Nbd7 10. e4 dxe4 11. Nxe4 Nxe4 12. Rxe4 Nf6 13. Re2 c5 14. Be3 Ng4
15. dxc5 Nxe3 16. Rxe3 Bxc5 17. Re2 Qf6 18. Rd1 Rb8 19. Qa4 Kf8 20. b4 b5 21.
Qa3 Be7 22. Qxa7 Bb7 23. Ne5 Rbd8 24. Rxd8 Rxd8 25. Qxb7 Ke8 26. Qc6+ Kf8 27.
Nd7+ Rxd7 28. Qxd7 bxc4 29. Qc8+ Bd8 30. Qxc4 1-0

[Event "C.to Provinciale CO"]
[Site "Como ITA"]
[Date "1999.02.05"]
[Round "4"]
[White "Pozzi, Marco"]
[Black "Emoroso, Claudio"]
[Result "0-1"]
[WhiteElo "1495"]
[BlackElo "1576"]
[PlyCount "65"]
[EventDate "1999.01.15"]

1. c4 Nf6 2. Nf3 g6 3. Nc3 Bg7 4. g3 d6 5. Bg2 c6 6. d3 Nbd7 7. Bd2 Qc7 8. Rb1
b6 9. b4 Bb7 10. O-O O-O 11. a4 Rfd8 12. Qb3 Rab8 13. Rfc1 a5 14. bxa5 bxa5 15.
Be3 Ba8 16. Qa3 Ng4 17. Bd2 Qa7 18. e3 Nge5 19. Nxe5 Nxe5 20. Ne2 c5 21. e4 Nc6
22. Nc3 Rxb1 23. Rxb1 Nb4 24. Nb5 Qd7 25. Be3 f5 26. exf5 Bxg2 27. Kxg2 Qxf5
28. Rd1 Rf8 29. Rd2 Qf3+ 30. Kg1 Nc2 31. Qc1 Nxe3 32. fxe3 Qxe3+ 33. Kh1 0-1

[Event "C.to Provinciale CO"]
[Site "Como ITA"]
[Date "1999.02.05"]
[Round "4"]
[White "Rossi, Giampiero"]
[Black "Canali, Marco"]
[Result "1/2-1/2"]
[WhiteElo "2023"]
[BlackElo "1672"]
[PlyCount "54"]
[EventDate "1999.01.15"]

1. d4 d5 2. c4 c6 3. cxd5 cxd5 4. Nc3 Nc6 5. Nf3 Nf6 6. Bf4 Ne4 7. e3 Nxc3 8.
bxc3 g6 9. Bd3 Bg7 10. O-O O-O 11. h3 Re8 12. Qd2 a6 13. Rfd1 Na5 14. Qb2 b5
15. a4 Nc4 16. Qb4 Bd7 17. axb5 Bxb5 18. Bxc4 Bxc4 19. Nd2 Bb5 20. c4 dxc4 21.
Nxc4 e6 22. Rdc1 Bf8 23. Qb3 Qd5 24. Nd2 Qxb3 25. Nxb3 Rec8 26. f3 Bb4 27. Nc5
Bxc5 1/2-1/2

[Event "C.to Provinciale CO"]
[Site "Como ITA"]
[Date "1999.02.05"]
[Round "4"]
[White "Taborelli, Achille"]
[Black "Larghi, Riccardo"]
[Result "1-0"]
[WhiteElo "1609"]
[BlackElo "1845"]
[PlyCount "51"]
[EventDate "1999.01.15"]

1. d4 c5 2. dxc5 e6 3. Nf3 Nf6 4. e3 Bxc5 5. Bd3 O-O 6. O-O Be7 7. b3 b6 8. Bb2
Bb7 9. Nbd2 d6 10. c4 Nbd7 11. Bc2 Qc7 12. Nd4 Rac8 13. Rc1 Rfd8 14. N2f3 Ne5
15. Qe2 Ng6 16. Rfd1 Qb8 17. h3 a6 18. Ng5 Nf8 19. Ngf3 h6 20. Nh2 N8h7 21. Ng4
Qa8 22. Nxf6+ Bxf6 23. Qg4 Nf8 24. Ba1 Rc5 25. Nxe6 Bxa1 26. Nxc5 1-0

[Event "C.to Provinciale CO"]
[Site "Como ITA"]
[Date "1999.02.12"]
[Round "5"]
[White "Bevilacqua, Roberto"]
[Black "Bellotto, Stefano"]
[Result "1-0"]
[WhiteElo "2051"]
[BlackElo "1716"]
[PlyCount "67"]
[EventDate "1999.01.15"]

1. e4 c6 2. d4 d5 3. e5 Bf5 4. Nc3 e6 5. g4 Bg6 6. h4 h5 7. Nge2 hxg4 8. Nf4
Bf5 9. h5 g5 10. Ng2 Nh6 11. Ne3 Be7 12. Be2 Nd7 13. Nxg4 Bxg4 14. Bxg4 c5 15.
Be2 c4 16. Be3 a6 17. a4 Nf5 18. Qd2 Nf8 19. Rg1 Nh7 20. Bg4 Nh6 21. Bh3 Rg8
22. Ke2 Qc7 23. Rg2 Qc6 24. Rag1 O-O-O 25. f4 gxf4 26. Bxf4 Rxg2+ 27. Rxg2 Nf5
28. Bxf5 exf5 29. Rg7 Nf8 30. Rxf7 Qe6 31. Rg7 Nd7 32. Qe3 Rh8 33. Rg6 Qf7 34.
e6 1-0

[Event "C.to Provinciale CO"]
[Site "Como ITA"]
[Date "1999.02.12"]
[Round "5"]
[White "Boffi, Luigi"]
[Black "Pozzi, Marco"]
[Result "0-1"]
[WhiteElo "1473"]
[BlackElo "1495"]
[PlyCount "92"]
[EventDate "1999.01.15"]

1. e4 e6 2. d4 c5 3. c3 Qb6 4. Nf3 cxd4 5. cxd4 Nf6 6. e5 Nd5 7. a3 d6 8. Nc3
Nxc3 9. bxc3 dxe5 10. Nxe5 Nd7 11. Qa4 Be7 12. Bb5 Qc7 13. O-O f6 14. Nxd7 Bxd7
15. Re1 Bxb5 16. Qxb5+ Qd7 17. a4 Qxb5 18. axb5 Kf7 19. c4 a6 20. b6 Rhd8 21.
Be3 Rd7 22. Red1 Rad8 23. f3 Bc5 24. Rdc1 Bxd4 25. Bxd4 Rxd4 26. c5 Rb4 27. Rd1
Rxd1+ 28. Rxd1 Ke7 29. Rc1 g5 30. Kf2 Kd7 31. Rd1+ Kc6 32. Rd6+ Kxc5 33. Rxe6
Rxb6 34. Re7 h6 35. Kg3 a5 36. f4 a4 37. fxg5 hxg5 38. Re1 a3 39. Rc1+ Kb4 40.
Rb1+ Ka5 41. Ra1 Ka4 42. h4 gxh4+ 43. Kxh4 Rc6 44. Kg4 b5 45. Rf1 a2 46. Kf5 b4
0-1

[Event "C.to Provinciale CO"]
[Site "Como ITA"]
[Date "1999.02.12"]
[Round "5"]
[White "Bonetti, Marco"]
[Black "Taborelli, Achille"]
[Result "0-1"]
[WhiteElo "1902"]
[BlackElo "1609"]
[PlyCount "66"]
[EventDate "1999.01.15"]

1. e4 e6 2. d4 d5 3. Nd2 dxe4 4. Nxe4 Bd7 5. Nf3 Bc6 6. Bd3 Nd7 7. O-O Ngf6 8.
Ned2 Be7 9. Nc4 Be4 10. Na5 Bxd3 11. Qxd3 Qc8 12. Bg5 O-O 13. Rad1 h6 14. Bh4
c5 15. Ne5 Rd8 16. Qb5 cxd4 17. Rxd4 Nxe5 18. Qxe5 Rxd4 19. Qxd4 Qxc2 20. Nxb7
Qc7 21. Nd6 Bxd6 22. Bxf6 gxf6 23. Qxf6 Bxh2+ 24. Kh1 Bf4 25. g3 Bg5 26. Qf3
Rc8 27. Kh2 Rd8 28. Kh3 Qc4 29. Re1 Qxa2 30. Qh5 Rd5 31. Qg4 Qa5 32. Re2 Kf8
33. Rxe6 fxe6 0-1

[Event "C.to Provinciale CO"]
[Site "Como ITA"]
[Date "1999.02.12"]
[Round "5"]
[White "Canali, Marco"]
[Black "Orsenigo, Davide"]
[Result "1-0"]
[WhiteElo "1672"]
[BlackElo "1500"]
[PlyCount "65"]
[EventDate "1999.01.15"]

1. e4 c6 2. d4 d5 3. e5 Bf5 4. h4 h6 5. g4 Be4 6. f3 Bh7 7. e6 Qd6 8. exf7+
Kxf7 9. Bd3 e5 10. Bxh7 Rxh7 11. Qd3 e4 12. fxe4 dxe4 13. Qb3+ Ke7 14. Qxb7+
Nd7 15. Ne2 Rb8 16. Qxa7 Qe6 17. Bf4 Re8 18. g5 hxg5 19. Bxg5+ Ngf6 20. Nf4 Qg4
21. Qa3+ Kf7 22. Qb3+ Nd5 23. Nxd5 cxd5 24. Qxd5+ Qe6 25. Rf1+ Kg6 26. Qxe6+
Rxe6 27. Ke2 Nf6 28. d5 Rb6 29. b3 Bc5 30. Bxf6 gxf6 31. Rf4 f5 32. Nd2 Kf6 33.
Raf1 1-0

[Event "C.to Provinciale CO"]
[Site "Como ITA"]
[Date "1999.02.12"]
[Round "5"]
[White "Corti, Corrado"]
[Black "Rossi, Giampiero"]
[Result "0-1"]
[WhiteElo "1687"]
[BlackElo "2023"]
[PlyCount "84"]
[EventDate "1999.01.15"]

1. e4 c5 2. Nf3 e6 3. d4 cxd4 4. Nxd4 a6 5. Bd3 Nc6 6. Nxc6 dxc6 7. Be3 e5 8.
O-O Nf6 9. f3 Bd6 10. Nd2 O-O 11. Nc4 Bc7 12. Qe1 b5 13. Nd2 Bb6 14. Rd1 Be6
15. Nb3 Nd7 16. Qf2 Bxe3 17. Qxe3 Qe7 18. Nc1 Rfd8 19. b3 Qc5 20. Qf2 Kf8 21.
Rd2 Ke7 22. Kh1 Qxf2 23. Rdxf2 f6 24. g3 g5 25. Kg2 a5 26. Be2 Nc5 27. Nd3 Nxd3
28. Bxd3 a4 29. Rd1 Rd6 30. Rfd2 b4 31. Kf2 a3 32. Ke3 Rad8 33. Be2 Rxd2 34.
Rxd2 Rxd2 35. Kxd2 Kd6 36. g4 c5 37. h3 c4 38. Bd1 Kc5 39. Ke3 Bf7 40. Kd2 Kd4
41. bxc4 Bxc4 42. Be2 Bxa2 0-1

[Event "C.to Provinciale CO"]
[Site "Como ITA"]
[Date "1999.02.12"]
[Round "5"]
[White "De Castro, Giovanni"]
[Black "Buonocore, Elio"]
[Result "1/2-1/2"]
[WhiteElo "1713"]
[BlackElo "2109"]
[PlyCount "59"]
[EventDate "1999.01.15"]

1. d4 c5 2. c3 Nf6 3. Nf3 b6 4. Bf4 Bb7 5. Nbd2 e6 6. e3 Be7 7. h3 O-O 8. Bd3
d5 9. O-O Ne4 10. Qe2 Nd7 11. Ne5 Nxd2 12. Qxd2 f6 13. Nxd7 Qxd7 14. Qe2 f5 15.
a4 a5 16. Bb5 Bc6 17. Bxc6 Qxc6 18. Qb5 Rac8 19. Qxc6 Rxc6 20. Be5 Bd6 21. Bxd6
Rxd6 22. f4 Rb8 23. Ra3 Rc6 24. Rb3 Kf7 25. Kf2 Ke7 26. Rb5 Kd6 27. Ra1 Kc7 28.
g4 Rh8 29. g5 Rb8 30. h4 1/2-1/2

[Event "C.to Provinciale CO"]
[Site "Como ITA"]
[Date "1999.02.12"]
[Round "5"]
[White "Emoroso, Claudio"]
[Black "Cairoli, Camillo"]
[Result "0-1"]
[WhiteElo "1576"]
[BlackElo "1900"]
[PlyCount "141"]
[EventDate "1999.01.15"]

1. e4 c5 2. Nf3 Nc6 3. Be2 Nf6 4. d3 d6 5. b3 e6 6. O-O Be7 7. Bb2 Qc7 8. Nbd2
Bd7 9. c3 h5 10. d4 h4 11. h3 O-O-O 12. a3 Rdg8 13. b4 g5 14. Nh2 Rh6 15. bxc5
dxc5 16. e5 Nd5 17. Ne4 Na5 18. c4 Nf4 19. d5 Qb6 20. Bc3 exd5 21. cxd5 Bd8 22.
Rb1 Nxe2+ 23. Qxe2 Qc7 24. Nd6+ Rxd6 25. exd6 Qxd6 26. Rfd1 Bc7 27. Ng4 Re8 28.
Qf3 f5 29. Bxa5 Bxa5 30. Nh2 Bc7 31. Nf1 g4 32. Qb3 b6 33. a4 f4 34. f3 gxh3
35. Rd2 Rg8 36. Rbb2 Rg5 37. Qc4 Kd8 38. Kh2 Bc8 39. Qc3 Re5 40. Re2 hxg2 41.
Rxg2 Bd7 42. Rg8+ Be8 43. Rd2 Qf6 44. Qd3 Bd6 45. a5 Qf7 46. Rdg2 Qxd5 47. Qxd5
Rxd5 48. axb6 axb6 49. Re2 Re5 50. Rxe5 Bxe5 51. Rg4 Bb5 52. Nd2 Ke7 53. Rxh4
Kd6 54. Rh6+ Kc7 55. Kg2 c4 56. Re6 Bd6 57. Ne4 Bb4 58. Re5 Bc6 59. Kf2 c3 60.
Nxc3 Bxc3 61. Rf5 Bd2 62. Ke2 Be3 63. Re5 b5 64. Rxe3 fxe3 65. Kxe3 Kb6 66. f4
b4 67. Kd4 Ka5 68. f5 Ka4 69. f6 Be8 70. Kd3 Ka3 71. Kc2 0-1

[Event "C.to Provinciale CO"]
[Site "Como ITA"]
[Date "1999.02.12"]
[Round "5"]
[White "Fusi, Claudio"]
[Black "Cattoni, Luca"]
[Result "0-1"]
[WhiteElo "1458"]
[BlackElo "1558"]
[PlyCount "62"]
[EventDate "1999.01.15"]

1. d4 Nf6 2. c4 g6 3. Nc3 Bg7 4. e4 d6 5. f4 O-O 6. Nf3 c6 7. Be2 Qc7 8. d5 a6
9. Be3 Kh8 10. Nd2 Nbd7 11. O-O e5 12. f5 cxd5 13. Nxd5 Nxd5 14. cxd5 Nf6 15.
Qb3 b5 16. Rac1 Qd8 17. Rc6 Bb7 18. Bb6 Qb8 19. Bc7 Qa7+ 20. Rb6 Ne8 21. f6 Bh6
22. Kh1 Nxc7 23. Rxd6 Bxd2 24. Qc2 Ne8 25. Qxd2 Nxd6 26. Qh6 Rg8 27. Rf3 Nxe4
28. g4 Nf2+ 29. Kg2 Bxd5 30. Qg5 Bxf3+ 31. Bxf3 Rae8 0-1

[Event "C.to Provinciale CO"]
[Site "Como ITA"]
[Date "1999.02.12"]
[Round "5"]
[White "Larghi, Riccardo"]
[Black "Morlotti, Massimiliano"]
[Result "1-0"]
[WhiteElo "1845"]
[BlackElo "1711"]
[PlyCount "65"]
[EventDate "1999.01.15"]

1. e4 c5 2. Nf3 d6 3. d4 cxd4 4. Nxd4 Nf6 5. Nc3 a6 6. Bc4 e6 7. Bg5 Be7 8. Qf3
Qc7 9. Bb3 Nbd7 10. Qe2 b5 11. Bxe6 fxe6 12. Nxe6 Qc4 13. Qxc4 bxc4 14. Nc7+
Kd8 15. Nxa8 Bb7 16. f3 Bxa8 17. O-O-O Kc7 18. Rd4 Nb6 19. Rhd1 Rd8 20. h3 h6
21. Be3 Ne8 22. e5 g5 23. h4 d5 24. hxg5 hxg5 25. Rg4 Ng7 26. Bxg5 Bxg5+ 27.
Rxg5 Ne6 28. Rg6 Nf4 29. Rf6 Nh5 30. Rf7+ Rd7 31. e6 Rxf7 32. exf7 Nd7 33.
Nxd5+ 1-0

[Event "C.to Provinciale CO"]
[Site "Como ITA"]
[Date "1999.02.19"]
[Round "6"]
[White "Bellotto, Stefano"]
[Black "Gisolini, Michele"]
[Result "1-0"]
[WhiteElo "1716"]
[BlackElo "1567"]
[PlyCount "83"]
[EventDate "1999.01.15"]

1. d4 Nf6 2. c4 c5 3. d5 b5 4. Nf3 g6 5. Qc2 d6 6. e4 Nbd7 7. cxb5 a6 8. Nc3
Bg7 9. bxa6 Bxa6 10. Bxa6 Rxa6 11. O-O O-O 12. a4 Qb6 13. Bd2 Rb8 14. Nb5 Ne8
15. Bc3 Nc7 16. Bxg7 Kxg7 17. Qc3+ f6 18. Nxc7 Qxc7 19. Nd4 Nf8 20. Nc6 Rb7 21.
a5 e5 22. Rfb1 Ne6 23. Qc4 Ra8 24. b4 Qc8 25. b5 Nd4 26. Nxd4 exd4 27. b6 Rab8
28. Qb5 c4 29. Qc6 c3 30. Rd1 Qg4 31. Rxd4 Qe2 32. Qxc3 Qa6 33. Rc4 Re7 34. Rc7
Rbe8 35. Qc4 Qa8 36. a6 Kf8 37. Rxe7 Rxe7 38. Qc6 Qe8 39. Qxe8+ Kxe8 40. a7
Rxe4 41. a8=Q+ Kf7 42. Ra7+ 1-0

[Event "C.to Provinciale CO"]
[Site "Como ITA"]
[Date "1999.02.19"]
[Round "6"]
[White "Buonocore, Elio"]
[Black "Corti, Filippo"]
[Result "1-0"]
[WhiteElo "2109"]
[BlackElo "1600"]
[PlyCount "93"]
[EventDate "1999.01.15"]

1. e4 c6 2. c4 d6 3. Nc3 Nf6 4. d4 g6 5. f3 Bg7 6. Be3 Nbd7 7. Qd2 h5 8. O-O-O
Qc7 9. Kb1 b6 10. Nh3 Bb7 11. Nf2 O-O-O 12. Rc1 a6 13. Nd3 c5 14. Nd5 Nxd5 15.
cxd5 Kb8 16. Qc3 Rc8 17. Qa3 Qd8 18. dxc5 bxc5 19. Bd2 e6 20. dxe6 fxe6 21. Nf4
Qf6 22. Bc4 Rc6 23. Bxe6 Rb6 24. Bc3 Qxf4 25. Bxg7 Rh7 26. Bc3 Bxe4+ 27. Ka1
Bb7 28. Ba5 Rb5 29. Bc4 Rxa5 30. Qxa5 Ka7 31. Qe1 Nb6 32. Bd3 Rg7 33. Rd1 d5
34. Qd2 Qd4 35. Qc3 Qxc3 36. bxc3 g5 37. Kb2 Na4+ 38. Kc2 Rd7 39. Rde1 Rc7 40.
Re5 d4 41. c4 Rg7 42. Rhe1 Rc7 43. Re7 Rc6 44. R1e6 Rxe6 45. Rxe6 g4 46. fxg4
hxg4 47. Rg6 1-0

[Event "C.to Provinciale CO"]
[Site "Como ITA"]
[Date "1999.02.19"]
[Round "6"]
[White "Cairoli, Camillo"]
[Black "Bonetti, Marco"]
[Result "1-0"]
[WhiteElo "1900"]
[BlackElo "1902"]
[PlyCount "99"]
[EventDate "1999.01.15"]

1. d4 Nf6 2. Nf3 g6 3. c4 Bg7 4. Nc3 d6 5. e4 O-O 6. Be2 e5 7. O-O c6 8. h3 Qe8
9. d5 cxd5 10. cxd5 a6 11. Be3 Nh5 12. Nd2 Nf4 13. Nc4 Nd7 14. Nxd6 Qe7 15.
Nxc8 Raxc8 16. Kh2 Qb4 17. Qd2 Nc5 18. a3 Qb3 19. g3 Nxe2 20. Qxe2 f5 21. Rad1
fxe4 22. Bxc5 Rxc5 23. d6 Rc4 24. Nxe4 Rd4 25. Rxd4 exd4 26. Nc5 Qd5 27. Qe6+
Qxe6 28. Nxe6 Rf7 29. Rc1 Rxf2+ 30. Kg1 Rf5 31. d7 Bf6 32. d8=Q+ Bxd8 33. Nxd8
Rf3 34. Kg2 Rb3 35. Rc2 Rb6 36. Rd2 Kf8 37. b4 a5 38. Rxd4 axb4 39. axb4 Ke7
40. Kf3 Rb5 41. Ke3 h5 42. Kd3 b6 43. Nc6+ Ke6 44. Kc4 Rg5 45. g4 hxg4 46. hxg4
Kf6 47. Rf4+ Ke6 48. Re4+ Kd6 49. Nd4 Kd7 50. Nf3 1-0

[Event "C.to Provinciale CO"]
[Site "Como ITA"]
[Date "1999.02.19"]
[Round "6"]
[White "Canali, Marco"]
[Black "Corti, Corrado"]
[Result "1/2-1/2"]
[WhiteElo "1672"]
[BlackElo "1687"]
[PlyCount "23"]
[EventDate "1999.01.15"]

1. e4 c6 2. d4 d5 3. e5 Bf5 4. h4 h6 5. g4 Be4 6. f3 Bh7 7. e6 fxe6 8. Bd3 Qd6
9. Bxh7 Qg3+ 10. Kf1 Rxh7 11. Qd3 Rh8 12. Qg6+ 1/2-1/2

[Event "C.to Provinciale CO"]
[Site "Como ITA"]
[Date "1999.02.19"]
[Round "6"]
[White "Liscio, Giovanni"]
[Black "Larghi, Riccardo"]
[Result "0-1"]
[WhiteElo "1804"]
[BlackElo "1845"]
[PlyCount "79"]
[EventDate "1999.01.15"]

1. d4 c5 2. d5 Nf6 3. c4 b5 4. cxb5 a6 5. e3 e6 6. Nc3 g6 7. Bc4 Bb7 8. bxa6
Nxa6 9. Nge2 Bg7 10. e4 O-O 11. O-O Ng4 12. Qb3 Qc7 13. Bf4 Be5 14. Bxe5 Qxe5
15. f4 Qh5 16. h3 Ne3 17. Qxb7 Nxc4 18. Qxd7 exd5 19. exd5 Ne3 20. Rf3 Rfd8 21.
Qc6 Rdc8 22. Qf6 Nxd5 23. Nxd5 Qxd5 24. f5 Rc6 25. Qe7 Rc7 26. Qh4 Nb4 27. Qh6
Qd8 28. fxg6 hxg6 29. a3 Nd3 30. Rd1 Rd7 31. Ng3 Ne5 32. Rdf1 Nxf3+ 33. Rxf3
Rb8 34. Ne4 Rd1+ 35. Kh2 Qc7+ 36. Rg3 Qe5 37. Nf6+ Qxf6 38. b4 cxb4 39. axb4
Rbd8 40. Qe3 0-1

[Event "C.to Provinciale CO"]
[Site "Como ITA"]
[Date "1999.02.19"]
[Round "6"]
[White "Napoli, Ferdinando"]
[Black "Coppola, Guido"]
[Result "0-1"]
[WhiteElo "1570"]
[BlackElo "1779"]
[PlyCount "56"]
[EventDate "1999.01.15"]

1. b3 d5 2. Bb2 Nf6 3. e3 c5 4. Nf3 Nc6 5. d4 e6 6. Be2 cxd4 7. Nxd4 Bb4+ 8. c3
Bd6 9. O-O O-O 10. c4 Nxd4 11. exd4 Re8 12. Nd2 Qc7 13. Nf3 Ng4 14. h3 Nh2 15.
Nxh2 Bxh2+ 16. Kh1 dxc4 17. Rc1 Bf4 18. Rxc4 Qe7 19. d5 exd5 20. Rxf4 Qxe2 21.
Qd4 Qxf1+ 22. Kh2 f6 23. Rxf6 Re7 24. Qxd5+ Be6 25. Rxe6 Rf7 26. Bd4 Qc1 27.
Be3 Qc7+ 28. Kg1 Rd8 0-1

[Event "C.to Provinciale CO"]
[Site "Como ITA"]
[Date "1999.02.19"]
[Round "6"]
[White "Orsenigo, Davide"]
[Black "Emoroso, Claudio"]
[Result "0-1"]
[WhiteElo "1500"]
[BlackElo "1576"]
[PlyCount "48"]
[EventDate "1999.01.15"]

1. e4 e5 2. Nf3 d6 3. d4 exd4 4. Bc4 Be7 5. Nxd4 Nf6 6. Nc3 a6 7. O-O O-O 8.
Be3 Bd7 9. Qe2 Nc6 10. Rad1 Qc8 11. Rd2 Nxd4 12. Bxd4 Be6 13. Nd5 Bxd5 14. exd5
Qd7 15. Qe3 Rae8 16. Qg5 Qg4 17. Qxg4 Nxg4 18. Re1 Bf6 19. Be2 Re7 20. h3 Bxd4
21. Rxd4 Nf6 22. Kf1 Rfe8 23. Rdd1 Ne4 24. f3 Ng3+ 0-1